<?xml version="1.0" encoding="UTF-8"?>
<record
    xmlns:xsi="http://www.w3.org/2001/XMLSchema-instance"
    xsi:schemaLocation="http://www.loc.gov/MARC21/slim http://www.loc.gov/standards/marcxml/schema/MARC21slim.xsd"
    xmlns="http://www.loc.gov/MARC21/slim">

  <leader>00879    a2200133   4500</leader>
  <datafield tag="082" ind1=" " ind2=" ">
    <subfield code="a">307.141.6</subfield>
    <subfield code="b">L715g</subfield>
  </datafield>
  <datafield tag="100" ind1=" " ind2=" ">
    <subfield code="a">Van Lidth de Jeude, Marije and Schutte, Oliver</subfield>
    <subfield code="9">432</subfield>
  </datafield>
  <datafield tag="245" ind1=" " ind2=" ">
    <subfield code="a">Cuaderno de Ciencias Sociales</subfield>
    <subfield code="b">Gam(ismo) Cultura y Desarrollo Urbano en la Gran Area Metropolitana de Costa Rica</subfield>
  </datafield>
  <datafield tag="260" ind1=" " ind2=" ">
    <subfield code="a">Costa Rica</subfield>
    <subfield code="b">FLACSO</subfield>
    <subfield code="c">2010</subfield>
  </datafield>
  <datafield tag="300" ind1=" " ind2=" ">
    <subfield code="a">183 p.</subfield>
    <subfield code="b">ill (a color)</subfield>
    <subfield code="c">21.5 cm</subfield>
  </datafield>
  <datafield tag="505" ind1=" " ind2=" ">
    <subfield code="t">Introduccion</subfield>
    <subfield code="t">Seccion 1 Sobre Urbanismos</subfield>
    <subfield code="t">Seccion 2 Cultura Urbana de la GAM de Cosa Rica</subfield>
    <subfield code="t">Seccion 3 La Imagen Urbana Percibida</subfield>
    <subfield code="t">Seccion 4 Mapeo Socio-Cultural</subfield>
    <subfield code="t">Seccion 5 Implicaciones para un Urbanismo Sostenible en la GAM de Costa Rica</subfield>
    <subfield code="t">Siglas y Acronimos</subfield>
    <subfield code="t">Bibliografia</subfield>
  </datafield>
  <datafield tag="650" ind1=" " ind2=" ">
    <subfield code="x">ciudades y pueblos</subfield>
    <subfield code="x">crecimientos</subfield>
    <subfield code="x">areas metropolitanas</subfield>
    <subfield code="x">desarrollo de la comunidad humana</subfield>
    <subfield code="x">planificacion</subfield>
    <subfield code="x">aspectos sociales</subfield>
    <subfield code="z">Costa Rica</subfield>
    <subfield code="9">433</subfield>
  </datafield>
  <datafield tag="700" ind1=" " ind2=" ">
    <subfield code="a">Marije Van Lidth de Jeude  and Oliver Schutte</subfield>
    <subfield code="9">434</subfield>
  </datafield>
  <datafield tag="999" ind1=" " ind2=" ">
    <subfield code="c">85</subfield>
    <subfield code="d">85</subfield>
  </datafield>
  <datafield tag="952" ind1=" " ind2=" ">
    <subfield code="0">0</subfield>
    <subfield code="1">0</subfield>
    <subfield code="2">ddc</subfield>
    <subfield code="4">0</subfield>
    <subfield code="7">0</subfield>
    <subfield code="8">Revistas</subfield>
    <subfield code="a">LV</subfield>
    <subfield code="b">LV</subfield>
    <subfield code="d">2014-04-28</subfield>
    <subfield code="l">0</subfield>
    <subfield code="o">307.141.6 L715g</subfield>
    <subfield code="p">003952</subfield>
    <subfield code="r">2014-04-28 00:00:00</subfield>
    <subfield code="w">2014-04-28</subfield>
    <subfield code="y">01</subfield>
  </datafield>
</record>
